书目信息 |
| 题名: |
指挥生涯
|
|
| 作者: | 小泽征尔 著 | |
| 分册: | ||
| 出版信息: | 上海 上海文艺出版社 1981.04 |
|
| 页数: | 188页 | |
| 开本: | 19cm | |
| 丛书名: | ||
| 单 册: | ||
| 中图分类: | I313.6 | |
| 科图分类: | ||
| 主题词: | 文学 | |
| 电子资源: | ||
| ISBN: | ||
| 000 | 00637nam0 2200217 45 | |
| 001 | 0206111551 | |
| 005 | 20040412112011.8 | |
| 010 | @dCNY0.59 | |
| 091 | @a8078.3254 | |
| 100 | @a20020611d1981 km y0chiy0120 ea | |
| 101 | 0 | @achi@cjpn |
| 105 | @a z 000ya | |
| 200 | 1 | @a指挥生涯@AZhi Hui Sheng Ya@e我的游学随笔@EWo De You Xue Sui Bi@f(日本)小泽征尔著@F(Ri Ben)Xiao Ze Zheng Er Zhu |
| 210 | @a上海@c上海文艺出版社@d1981.04 | |
| 215 | @a188页@d19cm | |
| 517 | @a我的游学随笔@AWo De You Xue Sui Bi | |
| 606 | 0 | @a文学 |
| 690 | @aI313.6@v3 | |
| 701 | 0 | @a小泽征尔@4著 |
| 801 | @aCN@bTSTC@c20020611 | |
| 905 | @dI313.6@e105@f1@b44955 | |
| 指挥生涯:我的游学随笔/(日本)小泽征尔著.-上海:上海文艺出版社,1981.04 |
| 188页;19cm |
| ISBN :CNY0.59 |
| ● |
| 相关链接 |
|
|
|
|
正题名:指挥生涯
索取号:I313.6/105
 
预约/预借
| 序号 | 登录号 | 条形码 | 馆藏地/架位号 | 状态 | 备注 |
| 1 | 0044955 | 000738697 | 第二借阅区/ [索取号:I313.6/105] | 在馆 | |
| 2 | 0044957 | 000738704 | 第一样本阅览室/ [索取号:I313.6/105] | 在馆 |